00622 2200241 4500001002100000005001700021008004100038035002400079082001400103090002100117100002100138245005300159250001100212260002600223300002800249500002200277500001100299650002200310850001500332980001200347985000600359999001500365YOGYA-0209000000667020090227020929.0 ind  0010-020900000006670 a338.90992 a338.90992bSag E aSAGIR, Suharsono aEkonomi Indonesia Post Knop 15cSoeharsono Sagir aCet. 2 aBandungbAlumnic1982 ax, 222 hlmbilusc21 cm aBibliografi : hlm aIndeks aEkonomi Indonesia aYOPDYOG(B) a29-8-05 a1 aP000022921